|
|
|
|
| LEADER |
01987nam a2200481 a 4500 |
| 001 |
nkc20132501097 |
| 003 |
CZ PrNK |
| 005 |
20260224235005.0 |
| 007 |
ta |
| 008 |
130926s2013 xr a e 001 0 cze |
| 015 |
|
|
|a cnb002501097
|
| 020 |
|
|
|a 978-80-200-2255-4
|q (váz.)
|
| 035 |
|
|
|a (OCoLC)867819917
|
| 040 |
|
|
|a ABA001
|b cze
|d BOA001
|
| 041 |
0 |
|
|a cze
|a lat
|
| 043 |
|
|
|a e-xr---
|
| 045 |
|
|
|a --t-
|
| 072 |
|
7 |
|a 94(437)
|x Dějiny Česka a Slovenska
|2 Konspekt
|9 8
|
| 080 |
|
|
|a 94(437.3)
|2 MRF
|
| 080 |
|
|
|a (093.3)
|2 MRF
|
| 100 |
1 |
|
|a Hájek z Libočan, Václav,
|d -1553
|7 jk01033098
|4 aut
|
| 245 |
1 |
0 |
|a Kronika česká /
|c Václav Hájek z Libočan ; [k vydání připravil, poznámkami opatřil, ediční poznámku napsal a rejstříky sestavil Jan Linka ; doslov napsal Petr Voit]
|
| 250 |
|
|
|a Vyd. 1.
|
| 260 |
|
|
|a Praha :
|b Academia,
|c 2013
|
| 300 |
|
|
|a 1447 s. :
|b il. ;
|c 25 cm +
|e 1 CD-ROM
|
| 500 |
|
|
|a Dotisk r. 2014
|
| 504 |
|
|
|a Obsahuje bibliografii, bibliografické odkazy a rejstříky
|
| 546 |
|
|
|a Část. souběžný latinský text
|
| 648 |
|
7 |
|a do 16. století
|7 ch1034257
|2 czenas
|
| 651 |
|
7 |
|a Česko
|7 ge128065
|x dějiny
|y do 16. století
|2 czenas
|
| 651 |
|
9 |
|a Czechia
|x history
|y to 16th century
|2 eczenas
|
| 655 |
|
7 |
|a kroniky
|7 fd132684
|2 czenas
|
| 655 |
|
9 |
|a chronicles
|2 eczenas
|
| 700 |
1 |
|
|a Linka, Jan,
|d 1971-
|7 xx0012804
|4 edt
|4 com
|
| 700 |
1 |
|
|a Voit, Petr,
|d 1956-
|7 ola2003201115
|4 waw
|
| 856 |
4 |
1 |
|u http://www.digitalniknihovna.cz/mzk/uuid/uuid:05a497b2-fd27-11f0-af8c-1a1fd07dde19
|y Digitalizovaný dokument
|x NDK
|
| 910 |
2 |
|
|a BOA001
|b 2-1315.101
|
| 990 |
|
|
|a BK
|
| 995 |
|
|
|a 01
|
| 991 |
|
|
|b 201312
|c NOV
|e n
|
| 996 |
6 |
|
|b 2610569984
|c 2-1315.101
|l MZK
|r Sklad / do 1 hodiny
|n 22
|p p.v.
|w 001383123
|u 000010
|a 1
|e BOA001
|j MZK50
|s P
|
| 996 |
6 |
|
|b 2610588556
|c 2-1315.101
|l MZK
|r HSS 5p
|n 0
|p kup
|h 94(437) HÁJ
|w 001383123
|u 000020
|a 0
|e BOA001
|j MZK50
|s P
|
| 996 |
7 |
|
|b 2610588557
|c 2-1315.101
|l MZK
|r Sklad / do 1 hodiny
|n 32
|p kup
|w 001383123
|u 000030
|a 1
|e BOA001
|j MZK50
|s A
|